[Event "Hamb. Einzelmeisterschaft 2024 A-Klasse"]
[Site "Hamburg"]
[Date "2024.05.25"]
[Round "6.1"]
[White "Kriz, Leonard"]
[Black "Kellner, Anton"]
[Result "1-0"]
[WhiteElo "1768"]
[BlackElo "1680"]
[PlyCount "57"]
[EventDate "2024.??.??"]
[WhiteTeam "Bramfelder SK 1947 e.V."]
[BlackTeam "Hamburger SK von 1830 eV"]

1. Nf3 d5 2. b3 Bf5 3. Bb2 e6 4. g3 Nf6 5. Bg2 Nbd7 6. O-O Bd6 7. d3 c6 8. Nbd2 Qc7 9. Re1 O-O-O 10. c4 h5 11. cxd5 exd5 12. Nd4 Bg4 13. h3 Be6 14. Rc1 a6 15. N2f3 Rdg8 16. Nxe6 fxe6 17. Ng5 Nf8 18. e4 dxe4 19. Nxe4 Nxe4 20. Rxe4 e5 21. Rec4 Kd7 22. Qf3 Ke7 23. d4 Nd7 24. dxe5 Bxe5 25. Ba3+ Bd6 26. Qe3+ Kf8 27. Rf4+ Nf6 28. Re1 Kf7 29. Qe6+ 1-0

[Event "Hamb. Einzelmeisterschaft 2024 A-Klasse"]
[Site "Hamburg"]
[Date "2024.05.25"]
[Round "6.2"]
[White "Parindra, Jason"]
[Black "Lüthje, Max"]
[Result "1-0"]
[WhiteElo "1662"]
[BlackElo "1755"]
[PlyCount "50"]
[EventDate "2024.??.??"]
[WhiteTeam "SC Diogenes e.V."]
[BlackTeam "SC Diogenes e.V."]

1. Nf3 d5 2. g3 Nf6 3. Bg2 c5 4. O-O Nc6 5. d3 h6 6. b3 Bf5 7. Bb2 e6 8. Nbd2 Be7 9. Re1 O-O 10. e4 Bg4 11. h3 Bxf3 12. Nxf3 dxe4 13. dxe4 Qxd1 14. Raxd1 Rad8 15. Ne5 Nd4 16. c3 Nb5 17. Nc4 Rxd1 18. Rxd1 Rd8 19. Rxd8+ Bxd8 20. a4 Nc7 21. Nd6 b6 22. Nc8 Nd7 23. Nxa7 Ne5 24. f4 Nd3 25. Ba3 Bf6 1-0

[Event "Hamb. Einzelmeisterschaft 2024 A-Klasse"]
[Site "Hamburg"]
[Date "2024.05.25"]
[Round "6.3"]
[White "Tscherepanov, Leon"]
[Black "Wolff, Ole"]
[Result "0-1"]
[WhiteElo "1813"]
[BlackElo "1566"]
[PlyCount "80"]
[EventDate "2024.??.??"]
[WhiteTeam "Hamburger SK von 1830 eV"]
[BlackTeam "SchVgg Blankenese von 1923 e.V."]

{[%evp 0,26,18,25,16,-7,-13,-6,13,-7,-19,-2,4,-8,37,40,32,39,25,24,25,26,41,36,28,15,51,54,49]} 1. d4 Nf6 2. Nf3 g6 3. e3 Bg7 4. Bd3 O-O 5. O-O d6 6. c3 c5 7. Nbd2 Nc6 8. Re1 Qc7 9. Ne4 Nxe4 10. Bxe4 e6 11. Bc2 a6 12. b3 b5 13. Bb2 Bb7 14. Rc1 Qb6 15. Rb1 Rfd8 16. Qe2 Ne7 17. Red1 Rdc8 18. b4 cxb4 19. cxb4 Nd5 20. a3 Nc3 21. Bxc3 Rxc3 22. Rd3 Rc7 23. Ne1 Rac8 24. f3 Bd5 25. Bb3 Bc4 26. Bxc4 bxc4 27. Rdd1 d5 28. Rdc1 e5 29. dxe5 Bxe5 30. Nc2 d4 31. exd4 Bxd4+ 32. Nxd4 Qxd4+ 33. Qf2 Qd3 34. Qb2 c3 35. Qc2 Qd2 36. Rb3 Qe3+ 37. Kf1 h5 38. Rbb1 Qf4 39. Kg1 Rd8 40. Rd1 Rd2 0-1

[Event "Hamb. Einzelmeisterschaft 2024 A-Klasse"]
[Site "Hamburg"]
[Date "2024.05.25"]
[Round "6.4"]
[White "Wokel, Justus"]
[Black "Iachanou, Daniel"]
[Result "0-1"]
[WhiteElo "1708"]
[BlackElo "1687"]
[PlyCount "60"]
[EventDate "2024.??.??"]
[WhiteTeam "Hamburger SK von 1830 eV"]
[BlackTeam "SF Sasel 1947"]

1. e4 c5 2. Nf3 e6 3. d4 cxd4 4. Nxd4 Nc6 5. Nc3 Qc7 6. Be3 a6 7. a4 Nf6 8. f3 Be7 9. Qd2 O-O 10. g4 Rd8 11. Qf2 d5 12. exd5 Nxd5 13. Nxd5 Rxd5 14. c3 Ne5 15. Rg1 Ng6 16. O-O-O Qa5 17. Bc4 Rd6 18. Bb3 Bd7 19. Qc2 Rc8 20. f4 Nh4 21. Rdf1 b5 22. axb5 axb5 23. f5 e5 24. Ne2 b4 25. Rd1 bxc3 26. Nxc3 Qa1+ 27. Qb1 Rxc3+ 28. bxc3 Qxc3+ 29. Bc2 Qxe3+ 30. Kb2 Rb6+ 0-1

[Event "Hamb. Einzelmeisterschaft 2024 A-Klasse"]
[Site "Hamburg"]
[Date "2024.05.25"]
[Round "6.6"]
[White "Babychev, Mykhailo"]
[Black "Henzler, Timofej"]
[Result "1/2-1/2"]
[WhiteElo "1626"]
[BlackElo "1722"]
[PlyCount "83"]
[EventDate "2024.??.??"]
[WhiteTeam "Hamburger SK von 1830 eV"]
[BlackTeam "Hamburger SK von 1830 eV"]

1. d4 d5 2. c4 e6 3. Nc3 Nf6 4. cxd5 exd5 5. Bg5 Be7 6. e3 Nbd7 7. Bd3 b6 8. Nf3 Bb7 9. Rc1 O-O 10. O-O Ne4 11. Bf4 Ndf6 12. Ne5 Rc8 13. Nb5 a6 14. f3 Nd6 15. Na7 Ra8 16. Nac6 Bxc6 17. Rxc6 Nh5 18. Qc2 h6 19. Rxc7 Nxf4 20. exf4 Rc8 21. Rxc8 Qxc8 22. Rc1 b5 23. b3 Qxc2 24. Rxc2 Rc8 25. Rxc8+ Nxc8 26. Nc6 Bd6 27. g3 Kf8 28. Kf2 Ne7 29. Na5 Bb4 30. Nb7 Bc3 31. a4 Bxd4+ 32. Ke2 Nc6 33. axb5 axb5 34. Bxb5 Nb4 35. Nd8 Ke7 36. Nc6+ Nxc6 37. Bxc6 Kd6 38. Be8 f6 39. Bg6 Bc5 40. Kd3 Bg1 41. h3 Bh2 42. g4 1/2-1/2

[Event "Hamb. Einzelmeisterschaft 2024 A-Klasse"]
[Site "Hamburg"]
[Date "2024.05.25"]
[Round "6.7"]
[White "Mi, Gufeng"]
[Black "Klaeke, Gregor"]
[Result "1/2-1/2"]
[WhiteElo "1721"]
[BlackElo "1703"]
[PlyCount "138"]
[EventDate "2024.??.??"]
[WhiteTeam "Niendorfer TSV 1919 SAbt"]
[BlackTeam "Niendorfer TSV 1919 SAbt"]

1. a4 e5 2. a5 a6 3. c3 d5 4. b4 c5 5. Ba3 b6 6. axb6 Qxb6 7. bxc5 Bxc5 8. Bxc5 Qxc5 9. e3 Nf6 10. Nf3 Bg4 11. Be2 Nbd7 12. O-O O-O 13. h3 Bxf3 14. Bxf3 e4 15. Be2 a5 16. d4 Qc7 17. Qc2 Rfc8 18. Rc1 Ne8 19. c4 Ra6 20. c5 Rg6 21. Nc3 Ndf6 22. Nb5 Qd7 23. Kh1 Qf5 24. Bf1 Ra8 25. c6 Qc8 26. c7 Nd7 27. Qd2 Rga6 28. Nc3 Rd6 29. Nb5 Rda6 30. Be2 Nf8 31. Qa2 Qd7 32. Rc5 Nf6 33. Rac1 Rc8 34. Nc3 Ra7 35. Nxd5 Nxd5 36. Qxd5 Qxd5 37. Rxd5 Raxc7 38. Rxc7 Rxc7 39. Rxa5 Rc2 40. Bg4 Rxf2 41. Kg1 Rd2 42. h4 g6 43. Bc8 Re2 44. Ra3 Ne6 45. Kf1 Rd2 46. Bb7 Nxd4 47. exd4 Rxd4 48. Re3 f5 49. Kf2 Kg7 50. Kg3 Kf6 51. Rb3 Rd2 52. Ba6 Rd6 53. Be2 h6 54. Rb8 Rd2 55. Ba6 Rd6 56. Bc4 g5 57. Rb1 e3 58. Kf3 f4 59. Re1 Rd2 60. g3 Kf5 61. g4+ Ke5 62. Be2 gxh4 63. Rh1 Kf6 64. Rxh4 Kg6 65. Rh5 Rd6 66. Kxf4 Re6 67. Kf3 Kg7 68. Rf5 Kg6 {Notation ab hier nicht mehr schlüssig} 69. Rf4 Kg5 1/2-1/2

[Event "Hamb. Einzelmeisterschaft 2024 A-Klasse"]
[Site "Hamburg"]
[Date "2024.05.25"]
[Round "6.9"]
[White "Frackowiak, Stanislaw"]
[Black "Morou, Halid"]
[Result "1-0"]
[WhiteElo "1720"]
[BlackElo "1752"]
[PlyCount "37"]
[EventDate "2024.??.??"]
[WhiteTeam "Hamburger SK von 1830 eV"]
[BlackTeam "Königsspr. SC.1984 e.V."]

1. d4 e6 2. Nf3 Nf6 3. e3 c5 4. c3 b6 5. Bd3 Bb7 6. Nbd2 Be7 7. O-O O-O 8. e4 d5 9. e5 Nfd7 10. Re1 Nc6 11. a3 c4 12. Bc2 b5 13. Nf1 a5 14. Bd2 b4 15. Qc1 bxa3 16. bxa3 a4 17. Bg5 Na5 18. Qf4 Nb3 19. Qh4 1-0

[Event "Hamb. Einzelmeisterschaft 2024 A-Klasse"]
[Site "Hamburg"]
[Date "2024.05.25"]
[Round "6.10"]
[White "Fieron, Andreas"]
[Black "Echt, Pascal"]
[Result "0-1"]
[WhiteElo "1733"]
[BlackElo "1688"]
[PlyCount "106"]
[EventDate "2024.??.??"]
[WhiteTeam "Niendorfer TSV 1919 SAbt"]
[BlackTeam "Hamburger SK von 1830 eV"]

1. e4 d6 2. d4 Nf6 3. Nc3 g6 4. Nf3 Bg7 5. Bc4 O-O 6. O-O Bg4 7. Be3 Nc6 8. a3 e5 9. d5 Nd4 10. Be2 Nxe2+ 11. Qxe2 Ne8 12. h3 Bd7 13. Qd3 f5 14. exf5 Bxf5 15. Ne4 Nf6 16. Nxf6+ Bxf6 17. Qb3 b6 18. c4 Be7 19. Bh6 Rf7 20. Qe3 Bd7 21. Ng5 Rf5 22. Ne6 Bxe6 23. dxe6 Bg5 24. Bxg5 Qxg5 25. Qxg5 Rxg5 26. f4 Rf5 27. fxe5 Rxe5 28. Rae1 Rxe1 29. Rxe1 Re8 30. Re4 Kg7 31. Kf2 g5 32. Ke3 Kf6 33. h4 h6 34. hxg5+ hxg5 35. Kd3 Rxe6 36. Rd4 a5 37. b4 axb4 38. axb4 Re1 39. Kd2 Rg1 40. g4 Rf1 41. Ke3 Rb1 42. b5 Rb3+ 43. Ke4 Ke6 44. Rd5 Kf6 45. Rf5+ Kg6 46. Rf8 Rg3 47. Rg8+ Kf6 48. Kd5 Rxg4 49. Rc8 Rg1 50. Rxc7 Rd1+ 51. Kc6 g4 52. Kxb6 g3 53. Rc8 g2 0-1

[Event "Hamb. Einzelmeisterschaft 2024 A-Klasse"]
[Site "Hamburg"]
[Date "2024.05.25"]
[Round "6.11"]
[White "Botzet, Michael"]
[Black "Ngo, Nam Hai"]
[Result "0-1"]
[WhiteElo "1669"]
[BlackElo "1532"]
[PlyCount "91"]
[EventDate "2024.??.??"]
[WhiteTeam "Hamburger SK von 1830 eV"]
[BlackTeam "Hamburger SK von 1830 eV"]

1. e4 e6 2. d4 b6 3. Nc3 Bb7 4. Bd3 Nf6 5. f3 c5 6. Nge2 d5 7. e5 Nfd7 8. Bb5 a6 9. Bxd7+ Qxd7 10. Be3 Nc6 11. Na4 Qc7 12. f4 cxd4 13. Nxd4 b5 14. Nc3 Bb4 15. Qd3 Nxd4 16. Bxd4 Rc8 17. O-O-O Qa5 18. Kb1 Bxc3 19. Bxc3 b4 20. Bd4 Qc7 21. Rhf1 Qc4 22. Rf3 g6 23. g4 h5 24. Rh3 Ke7 25. f5 Qxd3 26. Rdxd3 hxg4 27. f6+ Kd7 28. Rxh8 Rxh8 29. Bg1 Rh5 30. Re3 Kc6 31. b3 d4 32. Re4 Kd5 33. Rxd4+ Kxe5 34. Rxb4 Bf3 35. Bd4+ Kd5 36. Bg1 g3 37. Rf4 gxh2 38. Bxh2 Rxh2 39. Rxf3 e5 40. Kb2 e4 41. Rf1 e3 42. Kc3 Ke4 43. Rd1 Rf2 44. Rd4+ Ke5 45. a4 e2 46. Kd2 0-1